Städte und Gemeinden im Landkreis Cuxhaven mit Karte - Statistiken

Allgemein
  • Dieses Quiz wurde 267 mal gespielt
  • Das Durchschnittsergebnis liegt bei 12 aus 30
Antworten auf der Karte
Die Antworten werden auf der Karte rot bzw. grün angezeigt, abhängig davon wie oft sie richtig erraten wurden.
 
Antwortstatistiken
Stadt oder Gemeinde % Korrekt
Cuxhaven
98%
Geestland
75%
Otterndorf
73%
Wurster Nordseeküste
68%
Hagen im Bremischen
60%
Schiffdorf
60%
Loxstedt
55%
Loxstedt
55%
Beverstedt
52%
Wingst
51%
Hemmoor
46%
Wanna
42%
Lamstedt
41%
Cadenberge
40%
Hechthausen
36%
Neuhaus (Oste)
35%
Steinau
32%
Neuenkirchen
31%
Osten
31%
Nordleda
29%
Bülkau
28%
Belum
27%
Stinstedt
27%
Ihlienworth
26%
Odisheim
26%
Osterbruch
23%
Mittelstenahe
22%
Oberndorf
21%
Armstorf
18%
Hollnseth
17%
Keine übereinstimmenden Quizze gefunden
Verteilung der Resultate
Anzahl Personen mit jedem Resultat
Perzentil nach korrekt beantworteten Fragen
Ihre Resultats-Entwicklung
Sie haben dieses Quiz noch nicht gespielt